000 00697nam a2200253Ia 4500
003 OSt
005 20221005024244.0
006 a|||||r|||| 00| 0
007 ta
008 221004b |||||||| |||| 00| 0 eng d
024 _a58359
037 _cTextual
040 _aCRL
_cCRL
_beng
041 _2eng
_aeng
082 _aT:8, M5
100 _aHarris Ben M
_9580360
245 0 _aPersonnel administration in education
_b Leadership for instructional improvement.
250 _a2nd
260 _aBoston
_bAllyn and Bacon
_c1985
300 _a324p.
_ccm.
650 _aEDUCATION - GOVERNMENT POLICY
942 _hT:8, M5
_cTEXL
_2cc
999 _c932577
_d932577